000 00562nam a2200169 a 4500
008 120416s0000 ||||||||||||||||| || u
020 _a0245568018
050 _aQC 23 Mac
100 _aBell, John M
245 1 0 _aMatter and energy
246 _athe foundations of modern physics
260 _aLondon
_bGeorge G. Harrap
_c1964
300 _avii, 408p. : ill
350 _a0.00
700 _aMacLachlan, James H
995 _D0.00
_FCBU-MAIN LIBRARY (Kitwe)
_H1
_I2.60
_M1
_UDAMAGED
_ZMain Library Open Access Collection
999 _c50764
_d50764